Electromagnetism
Salvato in:
| Autore principale: | |
|---|---|
| Natura: | Libro |
| Lingua: | inglese |
| Pubblicazione: |
Londres
Heyden
1979
|
| Soggetti: | |
| Tags: |
Aggiungi Tag
Nessun Tag, puoi essere il primo ad aggiungerne!!
|
MARC
| LEADER | 00000nam a2200000 a 4500 | ||
|---|---|---|---|
| 001 | UCG0998 | ||
| 003 | CL-VaPUC | ||
| 008 | 100415e19790000UK |||||||||||||||||eng|d | ||
| 020 | |a 0855014563 | ||
| 082 | 0 | 4 | |a 537 |b ROS |2 21 |
| 100 | 0 | |a Rossiter, Val |e author |9 548725 | |
| 245 | 1 | 0 | |a Electromagnetism |
| 300 | |a 168 p | ||
| 942 | |c BK | ||
| 945 | |d 20100415 00:00:00 |a dcastane | ||
| 260 | |a Londres |b Heyden |c 1979 | ||
| 650 | 0 | |a Electromagnetismo |9 260123 | |
| 650 | 7 | |a CAMPOS MAGNETICOS |2 CL-VaPUC |9 548726 | |
| 650 | 0 | |a Propagación de ondas |9 263256 | |
| 650 | 7 | |a DISPERSION ELECTROMAGNETICA |2 CL-VaPUC |9 360618 | |
| 583 | |a last modification |c 20131230 07:14:21 |k Rodrigo Vera | ||
| 999 | |c 340479 |d 340477 | ||
| 952 | |0 0 |1 0 |4 0 |6 537_000000000000000_ROS_1979 |7 0 |8 A |9 435249 |a BIBCUR |b BIBCUR |d 2019-11-22 |i 4648897 |l 2 |m 2 |o 537 ROS 1979 |p 4648897 |r 2025-04-22 |s 2024-11-15 |w 2019-11-22 |y BK |k FIS | ||